00450nam a2200157Ia 4500008004100000020001400041082001200055100002400067245003700091250000800128260004100136300002500177500001900202600002100221650005000242240925s9999 xx 000 0 und d a471137723 a004 CHO aCohen, Daniel I. A 0aIntroduction to Computer Theory  a2nd aNew York:bJohn Wiley & Sonsc,1997. a934p.bNAfPhotocopy aIncludes Index aComputer Science aComputer science, information & general works